Carnezzeria : trilogia della famiglia siciliana /
I tiakina i:
| Kaituhi matua: | |
|---|---|
| Ētahi atu kaituhi: | |
| Hōputu: | Pukapuka |
| Reo: | Itāriana |
| I whakaputaina: |
Roma :
Fazi,
2007
|
| Rangatū: | Le vele ;
65 |
| Ngā marau: | |
| Ngā Tūtohu: |
Kāore He Tūtohu, Me noho koe te mea tuatahi ki te tūtohu i tēnei pūkete!
|
MARC
| LEADER | 00000nam a22000007i 4500 | ||
|---|---|---|---|
| 001 | IT\ICCU\MOD\1429565 | ||
| 003 | ItRI | ||
| 005 | 20260115232146.0 | ||
| 008 | 071116s2007 it |||||| ||||| |||||c | ||
| 020 | |a 9788881128914 | ||
| 040 | |b ita |c importazione bologna sebina | ||
| 041 | 7 | |a ita |2 ISO-639-2 | |
| 082 | |a 852 |9 Letteratura drammatica italiana |2 22 | ||
| 100 | 1 | |a Dante, Emma |0 IT\ICCU\RAVV\468487 |4 aut | |
| 240 | 1 | 0 | |a Carnezzeria |3 IT\ICCU\RAV\1985994 |9 Dante, Emma |
| 240 | 1 | 0 | |a mPalermu |3 IT\ICCU\RAV\1985993 |9 Dante, Emma |
| 240 | 1 | 0 | |a Vita mia |3 IT\ICCU\RAV\1985997 |9 Dante, Emma |
| 245 | 1 | 0 | |a Carnezzeria : |b trilogia della famiglia siciliana / |c Emma Dante ; prefazione di Andrea Camilleri. |
| 260 | |a Roma : |b Fazi, |c 2007 | ||
| 300 | |a 173 p. ; |c 22 cm. | ||
| 650 | 7 | |a Dialetto palermitano |x Teatro |x Testi |2 scbi | |
| 700 | 1 | |a Camilleri, Andrea, |d (1925-2019) |0 IT\ICCU\CFIV\052081 |4 aui | |
| 830 | 3 | |a Le vele ; |v 65 |0 IT\ICCU\VIA\0077553 | |
| 942 | |2 ddc |c BK |n 0 | ||
| 952 | |0 0 |1 0 |4 0 |6 L_852_920000000000000_DAN |7 0 |9 21111 |a BO |b BO |d 2026-01-15 |i 12172 |l 0 |o L 852.92 DAN |p BO12172 |r 2026-01-15 23:21:46 |w 2026-01-15 |x [Sebina 5] [1 v.] |y BK |z 1 v. | ||
| 999 | |c 18040 |d 18040 | ||